MARC

LEADER 00000nam0a2200000 4500
001 287801
005 20231102000026.0
010 |a 0133170578 
035 |a (RuTPU)RU\TPU\book\312232 
090 |a 287801 
100 |a 20150319d1981 k y0engy50 ba 
101 0 |a eng 
102 |a US 
105 |a a z 001zy 
200 1 |a Finte Elements An Introduction  |h Vol. 1  |f E. B. Becker, G. F. Carey, J. T. Oden 
210 |a New Jersey  |c Prentice Hall  |d 1981 
215 |a 258 p.  |c il. 
320 |a Index: p. 253-258 
606 1 |a Конечных элементов метод  |2 stltpush  |3 (RuTPU)RU\TPU\subj\15366  |9 41614 
610 1 |a математика 
610 1 |a математический анализ 
610 1 |a функции 
610 1 |a расчеты 
610 1 |a задачи 
610 1 |a аппроксимация 
610 1 |a дифференциальные уравнения 
610 1 |a английский язык 
675 |a 517.962  |v 3 
700 1 |a Becker  |b E. B.  |g Eric 
701 1 |a Carey  |b G. F.  |g Graham 
701 1 |a Oden  |b J. T.  |g J. Tinsley 
801 1 |a RU  |b 63413507  |c 20150319 
801 2 |a RU  |b 63413507  |c 20170301  |g RCR 
942 |c BK